000 01247nam a22003014a 4500
001 ebr10312714
003 CaPaEBR
006 m u
007 cr cn|||||||||
008 030127s2003 bcc s 000 0 eng
020 _z1550549758 (pbk. : acid-free paper)
040 _aCaPaEBR
_cCaPaEBR
035 _a(OCoLC)666230416
043 _ama-----
_aa-is---
_an-us---
050 1 4 _aDS119.76
_b.S794 2003eb
082 0 4 _a956.05/3
_221
100 1 _aSpector, Norman,
_d1949-
245 1 0 _aChronicle of a war foretold
_h[electronic resource] :
_bhow Mideast peace became America's fight /
_cNorman Spector.
260 _aVancouver, B.C. ;
_aNew York :
_bDouglas & McIntyre,
_c2003.
300 _axii, 180 p.
533 _aElectronic reproduction.
_bPalo Alto, Calif. :
_cebrary,
_d2013.
_nAvailable via World Wide Web.
_nAccess may be limited to ebrary affiliated libraries.
650 0 _aArab-Israeli conflict
_y1993-
_xPeace.
651 0 _aMiddle East
_xRelations
_zUnited States.
651 0 _aUnited States
_xRelations
_zMiddle East.
655 7 _aElectronic books.
_2local
710 2 _aebrary, Inc.
856 4 0 _uhttp://site.ebrary.com/lib/rucke/Doc?id=10312714
_zAn electronic book accessible through the World Wide Web; click to view
999 _c176477
_d176477